Match the College Team Names #4 - Statistics

General Stats
  • This quiz has been taken 18 times
  • The average score is 16 of 20
Answer Stats
Hint Answer % Correct
Maine Black Bears
93%
TCU Horned Frogs
93%
SMU Mustangs
93%
Penn State Nittany Lions
93%
Ole Miss Rebels
93%
USC Trojans
93%
Texas A&M Aggies
87%
Nebraska Cornhuskers
87%
South Carolina Gamecocks
87%
Kansas Jawhawks
87%
Kent State Golden Flashes
80%
George Mason Patriots
80%
Nevada Wolf Pack
80%
UAB Blazers
73%
Ohio Bobcats
73%
Samford Bulldogs
73%
Vermont Catamounts
73%
New Mexico Lobos
73%
Western Michigan Broncos
67%
Weber State Wildcats
67%
No matching quizzes found
Score Distribution
Percent of People with Each Score
Percentile by Number Answered
Your Score History
You have not taken this quiz